000 00529nmm a2200157Ia 4500
008 251105s9999||||xx |||||||||||||||||und||
020 _a9788491160519
041 _aspa
100 _aMatilla i Serrano, Kathy
245 0 _aCasos de estudio de relaciones públicas :
_b Espacios de diálogo e impacto mediático
264 _a[Madrid, España] :
_bUniversitat Oberta de Catalunya,
_c2016
300 _a390 páginas
650 _aEconomics and Business
856 _uhttps://public.digitaliapublishing.com/a/47036
942 _cCF
999 _c88334
_d88334